=LDR 00000nam 2200000 4500 =001 INLIS000000000006723 =005 20251113113747 =035 ##$$a 0010-1125000597 =007 ta =008 251113###########################0#eng## =082 ##$$a 363.9 =084 ##$$a 363.9 RIS i =100 #$$a Risman Musa =245 1#$$a Iec Sharing Experiences /$c Badan Koordinasi Keluarga Berencana Nasional =260 ##$$a Jakarta :$b Badan Koordinasi Keluarga Berencana Nasional,$c 1999 =300 ##$$a 9 Hal : $b Ilus ; $c 21 =650 #4$$a Keluarga Berencana =856 ##$$a Perpustakaan Kemendukbangga